000
00234nam a2200109Ia 4500
999
_c
8786
_d
8786
020
_a
978-0273704010
100
_a
Leon G. Schiffman
245
0
_a
Consumer Behavior
260
_a
New Delhi
_b
Prentice
_c
2004
300
_a
174
942
_c
BK